CBSE BOARD EXAM 2023-2024 SAMPLE PAPERS-Physics-CLASS-12 (Record no. 12493)

MARC details
000 -LEADER
fixed length control field 00274nam a22000977a 4500
008 - FIXED-LENGTH DATA ELEMENTS--GENERAL INFORMATION
fixed length control field 231208b |||||||| |||| 00| 0 eng d
020 ## - INTERNATIONAL STANDARD BOOK NUMBER
International Standard Book Number 9789355559678
100 ## - MAIN ENTRY--PERSONAL NAME
Personal name MTG
9 (RLIN) 7733
245 ## - TITLE STATEMENT
Title CBSE BOARD EXAM 2023-2024 SAMPLE PAPERS-Physics-CLASS-12
260 ## - PUBLICATION, DISTRIBUTION, ETC. (IMPRINT)
Place of publication, distribution, etc. New Delhi
Name of publisher, distributor, etc. MTG
Date of publication, distribution, etc. 2023
Holdings
Withdrawn status Lost status Source of classification or shelving scheme Damaged status Koha normalized classification for sorting Not for loan Home library Current library Shelving location Date acquired Total Checkouts Full call number Barcode Date last seen Date last checked out Price effective from Koha item type
    Dewey Decimal Classification   MTG_530_000000000000000   Good Samaritan School Library Good Samaritan School Library Physics 12/08/2023 1 MTG530 MTG17756 07/24/2025 07/17/2025 12/08/2023 BOOK

Powered by Koha